Ekonomické sankcie ako nástroj zahraničnej politiky (vybrané otázky)

Charakteristika sankcií ako dôležitý nástroj v diplomacii a podmienky, za ktorých by sankcie mohli byť efektívnym nástrojom. Porovnanie a analýza vhodných historických prípadov.

Guardado en:
Detalles Bibliográficos
Autor principal: Kochajdová, Monika, 1993-
Formato: Capítulo de libro
Lenguaje:eslovaco
Materias:
Etiquetas: Agregar Etiqueta
Sin Etiquetas, Sea el primero en etiquetar este registro!

MARC

LEADER 00000naa a2200000 4500
001 0256986
005 20240502074100.1
041 0 |a slo 
044 |a SK 
245 1 0 |a Ekonomické sankcie ako nástroj zahraničnej politiky (vybrané otázky)  |c Monika Kochajdová 
520 |a Charakteristika sankcií ako dôležitý nástroj v diplomacii a podmienky, za ktorých by sankcie mohli byť efektívnym nástrojom. Porovnanie a analýza vhodných historických prípadov. 
610 2 0 |a sankcie 
610 2 0 |a vzťahy medzinárodné 
610 2 0 |a efektívnosť ekonomická 
610 2 0 |a diplomacia 
610 2 0 |a politika zahraničná 
610 2 0 |a obchod medzinárodný 
100 1 |a Kochajdová, Monika, 1993-